| 000 | 01534cam a22004457a 4500 | ||
|---|---|---|---|
| 999 |
_c26776 _d26776 |
||
| 001 | 14246951 | ||
| 005 | 20170206111359.0 | ||
| 008 | 060130s2005 oncac b 000 0 eng d | ||
| 010 | _a 2006365602 | ||
| 015 |
_aGBA574349 _2bnb |
||
| 016 | _a20049071890 | ||
| 016 | 7 |
_a013204811 _2Uk |
|
| 020 | _a0802087876 (bound : acidfree paper) | ||
| 035 | _a(OCoLC)ocm57281395 | ||
| 040 |
_aNLC _beng _cNLC _dOCLCQ _dUKM _dDLC |
||
| 042 | _alccopycat | ||
| 043 | _an-cn--- | ||
| 045 | _ax7x8 | ||
| 050 | 0 | 0 |
_aNX513 _b.A1G37 2005 |
| 055 | 0 | 2 | _aNX1* |
| 055 | 0 |
_aNX1 I46 _bG37 2005 |
|
| 100 | 1 | _aGarnet, Eldon. | |
| 245 | 1 | 0 |
_aImpulse archaeology / _cEldon Garnet. |
| 260 |
_aToronto ; _aBuffalo : _bUniversity of Toronto Press, _cc2005. |
||
| 300 |
_a271 p. : _bill. (some col.), ports. (some col.) ; _c29 cm. |
||
| 504 | _aIncludes bibliographical references. | ||
| 630 | 0 | 0 | _aImpulse (Toronto, Ont.) |
| 630 | 0 | 6 | _aImpulse (Toronto, Ont.) |
| 650 | 0 |
_aArts, Canadian _y20th century. |
|
| 650 | 0 |
_aCanadian literature _y20th century. |
|
| 650 | 6 |
_aArts canadiens _y20e siècle. |
|
| 650 | 6 |
_aLittérature canadienne _y20e siècle. |
|
| 942 |
_2lcc _cBOOKS _hNX513 .A1G37 2005 |
||